Deutsche Nationalspieler mit den meisten Länderspielen - Statistiken

Allgemein
  • Dieses Quiz wurde 194 mal gespielt
  • Das Durchschnittsergebnis liegt bei 16 aus 25
Antwortstatistiken
Einsätze Antwort % Korrekt
131 Thomas Müller
99%
124 Manuel Neuer
96%
137 Miroslav Klose
94%
113 Philipp Lahm
93%
121 Bastian Schweinsteiger
89%
150 Lothar Matthäus
89%
103 Franz Beckenbauer
85%
86 Oliver Kahn
85%
130 Lukas Podolski
80%
114 Toni Kroos
77%
98 Michael Ballack
72%
92 Mesut Özil
67%
93 Joshua Kimmich
63%
104 Per Mertesacker
61%
108 Jürgen Klinsmann
58%
95 Karl-Heinz Rummenigge
55%
90 Rudi Völler
54%
95 Sepp Maier
52%
86 Andreas Brehme
40%
82 Ilkay Gündogan
36%
105 Jürgen Kohler
29%
82 Arne Friedrich
26%
96 Berti Vogts
25%
101 Thomas Häßler
25%
85 Andreas Möller
24%
Keine übereinstimmenden Quizze gefunden
Verteilung der Resultate
Anzahl Personen mit jedem Resultat
Perzentil nach korrekt beantworteten Fragen
Ihre Resultats-Entwicklung
Sie haben dieses Quiz noch nicht gespielt